000 00370 a2200169 4500
001 195314
020 _a978-85-260-1402-2
040 _cMagnum
100 _aQueirós, Bartolomeu Campos de
240 1 0 _aOs cinco sentidos
_lpor
245 1 0 _aOs cinco sentidos
300 _a18
362 0 _a2009
440 1 _aGlobal
697 _aLITERATURA INFANTO
942 _cBK
999 _c195314
_d195314